[Event "EICC 2017"]
[Site "Minsk"]
[Date "2017.06.10"]
[Round "11"]
[White "Karttunen, Mika"]
[Black "Korobov, Anton"]
[Result "0-1"]
[WhiteElo "2465"]
[BlackElo "2688"]
[Annotator "TA"]
[PlyCount "126"]
[EventDate "2017.??.??"]
[EventCountry "BLR"]
[SourceTitle "playchess.com"]
[Source "ChessBase"]
[SourceQuality "1"]

{[%evp 18,126,17,11,29,14,17,0,9,0,16,0,-2,-30,-7,0,0,-19,-10,-59,-58,-112,-116,-123,-116,-166,-181,-165,-180,-152,-154,-158,-147,-177,-141,-159,-174,-158,-170,-182,-156,-213,-184,-184,-184,-184,-185,-184,-185,-184,-185,-185,-185,-179,-166,-185,-185,-183,-183,-221,-212,-223,-223,-223,-223,-223,-223,-223,-223,-223,-207,-304,-309,-290,-252,-272,-200,-255,-255,-268,-267,-289,-236,-294,-282,-294,-254,-254,-254,-358,-364,-365,-360,-1708,-1588,-1647,-1575,-1471,-1285,-1265,-1073,-1003,-1222,-1472,-1465,-29973,-29973,-29973,-29975,-29969,-29967]} 1. d4 d5 2. Nf3 Nf6 3. g3 g6 4. c4 c6 5. cxd5 cxd5 6. Bg2 Bg7 7. O-O O-O 8. Nc3 b6 {[%cal Bb7b6,Bb6b5,Bb5b4][%mdl 32]} 9. Ne5 Bb7 10. Qa4 {LiveBook: 6 Games. D79: Fianchetto Grünfeld: Symmetrical Variation (6 0-0 c6 7 cxd5 cxd5)} (10. Bf4 e6 11. Qd2 Nc6 12. Nxc6 Bxc6 13. Be5 Qe7 14. Rac1 Rfd8 15. Rc2 Ne8 16. Bxg7 Kxg7 17. Rfc1 Nd6 18. b3 {½-½ (42) Akopian,V (2648)-Giri,A (2784) Doha 2015}) 10... e6 11. Bf4 a6 12. Rac1 {The position is equal.} b5 $146 ({Predecessor:} 12... Nbd7 13. Qb3 Rc8 14. Bg5 b5 15. a4 Qb6 16. Bxf6 Nxf6 {½-½ (71) Lenderman,A (2593)-Sargissian,G (2670) Douglas 2016}) 13. Qb3 Nc6 14. Nxc6 Bxc6 {[%cal Bb7c6,Bc6b5,Bb5e2][%mdl 32]} 15. Qa3 a5 16. Na4 b4 17. Qb3 Bb5 18. Bc7 Qe7 19. Rc5 (19. Be5 $15) 19... Bxe2 $17 20. Re1 Nd7 $1 $36 {[%cal Rd7c5][%mdl 2048] Black is in control.} 21. Rxa5 Bc4 22. Qd1 Rxa5 (22... Bxa2 23. Rxa8 Rxa8 24. b3 $17) 23. Bxa5 Ra8 ({Don't take} 23... Bxa2 24. Nc5 $15) 24. Bc7 Bb5 25. b3 Ra7 26. Bf4 {[#]} Bxa4 $1 27. bxa4 Nb6 28. Qd3 Qd7 ({Resist} 28... Nxa4 29. Bxd5 Qd8 30. Bb3 $17) 29. a3 (29. Rc1 $17) 29... Rxa4 30. axb4 Rxb4 31. Be3 Nc4 32. Rb1 Qb7 33. Rxb4 Qxb4 34. Bf1 h5 35. Kg2 Nd6 36. Qa6 Nf5 37. Qc8+ Bf8 38. Bg5 Qxd4 39. Ba6 Kg7 40. Qc2 Be7 41. Bc1 {And now Bb2 would win.} Bf6 42. Bd3 h4 43. Qe2 Qa4 44. g4 (44. Qc2 {might work better.} Qb4 45. Qe2) 44... Nd4 $19 45. Qd2 Nb3 46. Qd1 {With the idea Bc2.} Qa1 47. Qxb3 {Threatens to win with Qc2.} Qxc1 48. Be2 Bd4 49. Qf3 Qe1 50. h3 e5 {[%cal Be6e5,Be5e4][%mdl 32] ...e4 is the strong threat.} 51. Bb5 Qd2 52. Qe2 Qb4 53. Bc6 (53. f3 $142) 53... Qd6 54. Ba8 {[#]} e4 $1 55. Qa2 $2 (55. Qd2 Qf6 56. Qe2) 55... Qf4 {Hoping for ...Qf3+.} 56. Qe2 Be5 {( -> ...Qh2+)} 57. Qe3 Qh2+ 58. Kf1 Qh1+ 59. Ke2 Qb1 60. f4 exf3+ 61. Kxf3 Qf1+ {Black mates.} 62. Qf2 Qxh3+ 63. Ke2 Qxg4+ {Precision: White = 44%, Black = 87%.} 0-1

[Event "EICC 2017"]
[Site "Minsk"]
[Date "2017.06.10"]
[Round "11"]
[White "Karttunen, Mika"]
[Black "Korobov, Anton"]
[Result "*"]
[WhiteElo "2465"]
[BlackElo "2688"]
[Annotator "TA"]
[PlyCount "34"]
[EventDate "2017.??.??"]
[EventCountry "BLR"]
[SourceTitle "playchess.com"]
[Source "ChessBase"]
[SourceQuality "1"]

{[%evp 18,21,16,7,32,15]} 1. d4 d5 2. Nf3 Nf6 3. g3 g6 4. c4 c6 5. cxd5 cxd5 6. Bg2 Bg7 7. O-O O-O 8. Nc3 b6 9. Ne5 Bb7 10. Qa4 {LiveBook: 6 Games. D79: Fianchetto Grünfeld: Symmetrical Variation (6 0-0 c6 7 cxd5 cxd5)} (10. Bf4 e6 11. Qd2 Nc6 12. Nxc6 Bxc6 13. Be5 Qe7 14. Rac1 Rfd8 15. Rc2 Ne8 16. Bxg7 Kxg7 17. Rfc1 Nd6 18. b3 {½-½ (42) Akopian,V (2648)-Giri,A (2784) Doha 2015}) 10... e6 11. Bf4 {Predecessor:} a6 $146 12. Rfc1 Nfd7 13. Nf3 Nc6 14. e4 b5 15. Qd1 Ne7 16. e5 Nb6 17. Qd2 Nc4 {½-½ (58) Raznikov,D (2506)-Xiong,J (2609) Dallas 2016} *

[Event "EICC 2017"]
[Site "Minsk"]
[Date "2017.06.10"]
[Round "11"]
[White "Mazur, Stefan"]
[Black "Smirin, Ilia"]
[Result "0-1"]
[WhiteElo "2459"]
[BlackElo "2676"]
[Annotator "TA"]
[PlyCount "108"]
[EventDate "2017.??.??"]
[EventCountry "BLR"]
[SourceTitle "playchess.com"]
[Source "ChessBase"]
[SourceQuality "1"]

{[%evp 26,108,41,41,44,39,40,22,23,0,0,0,0,0,0,0,0,-26,-14,-40,-33,-32,-34,-40,-42,-47,-24,-37,-22,-43,-38,-89,-77,-76,-81,-82,-74,-81,-79,-118,-112,-115,-118,-119,-92,-126,-72,-460,-454,-446,-435,-432,-282,-252,-256,-413,-431,-346,-164,-170,-171,-159,-173,-184,-197,-184,-130,-395,-389,-387,-386,-384,-374,-552,-546,-519,-376,-373,-366,-470,-458,-529,-518,-1139,-1139]} 1. e4 e5 2. Nf3 Nc6 3. Bb5 {[%cal Bf1b5,Bb5a4,Ba4b3][%mdl 32]} a6 4. Ba4 Nf6 5. O-O Be7 6. Re1 b5 7. Bb3 d6 8. c3 O-O 9. h3 Na5 10. Bc2 c5 11. d4 Qc7 12. Nbd2 cxd4 13. cxd4 Rd8 14. b3 Bb7 {C99: Closed Ruy Lopez: Chigorin Defence: 11 d4 Qc7 12 Nbd2 cxd4} 15. Bb2 Nc6 16. Rc1 Qb6 {[%cal Re5d4] The position is equal.} 17. d5 Nb4 18. Bb1 {Hoping for a3.} a5 $1 19. Nf1 Na6 (19... Bf8 20. Bc3 Na6 21. Bd2 Rdc8 22. Be3 {1-0 (72) So,W (2822)-Brown,M (2478) chess.com INT 2017}) 20. Ng3 g6 {[#]} 21. Nh2 $146 ({Predecessor:} 21. Qd2 Nc5 22. Kh2 {½-½ (45) Duda,J (2591)-Smirin,I (2650) Jerusalem 2015}) 21... Nc5 22. Ng4 Nxg4 23. Qxg4 Bc8 24. Qf3 Bg5 25. Rcd1 Re8 26. Nf1 Bd7 27. Nh2 b4 28. g3 (28. Ng4 $15) 28... h5 29. h4 Bh6 30. Bc1 Bxc1 31. Rxc1 a4 32. Qe3 axb3 33. axb3 Ra3 34. Bc2 Rc8 35. Bd1 Qd8 (35... Kg7 $142 36. Nf3 Bb5) 36. f4 $2 {[%mdl 8192] [#]} (36. Nf3 $17) 36... exf4 $19 37. gxf4 Qxh4 38. Re2 Re8 39. e5 Bh3 40. Nf3 $2 (40. Bc2) 40... Qg3+ 41. Kh1 Nd7 (41... h4 $142 42. Ne1 Nxb3 43. Qxg3 hxg3 44. Bxb3 Rxb3) 42. e6 fxe6 {Threatens to win with ...Nf6.} 43. Bc2 Bg4 44. Ng5 {[#]} Qxe3 $1 45. Rxe3 Rc8 ({Black should try} 45... Kg7 $19 {And now ...e5 would win.} 46. dxe6 Nf6) 46. Ree1 $2 {[%mdl 8192]} (46. dxe6 $17 {only move.} Ra2 47. exd7 Bxd7 48. Rd3) 46... e5 47. Bxg6 Rc3 ({Much less strong is} 47... Rxc1 48. Rxc1 exf4 49. Ne6 $19) 48. Rxc3 bxc3 49. Re3 (49. Rc1 $142 Kg7 50. Be8) 49... Ra1+ 50. Kg2 c2 51. Bxc2 Ra2 52. Rc3 Bf5 {Black is clearly winning.} 53. Rc8+ Nf8 54. fxe5 (54. Re8 $142 Rxc2+ 55. Kf1) 54... Bxc8 {Precision: White = 34%, Black = 66%.} 0-1

[Event "EICC 2017"]
[Site "Minsk"]
[Date "2017.06.10"]
[Round "11"]
[White "Pacher, Milan"]
[Black "Oleksiyenko, Mykhaylo"]
[Result "0-1"]
[WhiteElo "2450"]
[BlackElo "2636"]
[Annotator "TA"]
[PlyCount "96"]
[EventDate "2017.??.??"]
[EventCountry "BLR"]
[SourceTitle "playchess.com"]
[Source "ChessBase"]
[SourceQuality "1"]

{[%evp 20,96,50,16,50,12,68,0,0,-183,-161,-226,-234,-199,-139,-119,-147,-194,-214,-197,-205,-220,-220,-250,-247,-314,-280,-319,-319,-319,-312,-317,-308,-316,-287,-314,-312,-331,-335,-331,-323,-320,-330,-327,-327,-390,-388,-389,-305,-348,-317,-403,-389,-450,-442,-447,-431,-438,-426,-416,0,-412,-342,-611,-614,-645,-635,-678,-678,-678,-678,-678,-647,-883,-876,-1216,-872,-29985,-29986]} 1. e4 c5 2. Nf3 d6 3. d4 cxd4 4. Nxd4 Nf6 5. Nc3 a6 6. Bc4 e6 7. Bb3 Nc6 8. Be3 Qc7 9. Qe2 Na5 10. g4 Nxb3 {B89: Sicilian: Velimirovic Attack} 11. axb3 {LiveBook: 18 Games} h6 12. Rg1 $146 ({Predecessor:} 12. h4 Bd7 13. O-O-O Bc6 14. f3 Nd7 15. g5 hxg5 16. hxg5 Rxh1 17. Rxh1 Rc8 18. g6 {1-0 (35) Berezjuk,S (2410)-Havlicek,L (2150) Vsetin 1997}) 12... g6 (12... b6 $11) 13. Ndb5 (13. f4 $14) 13... Qb8 $1 $11 14. e5 $2 (14. Nd4 $11 {and White has nothing to worry.}) 14... dxe5 $19 ({Worse is} 14... axb5 15. Rxa8 Qxa8 16. exf6 $11) 15. Ba7 (15. g5 $142 hxg5 16. Bxg5) 15... Rxa7 16. Nxa7 Qxa7 ({Black should try} 16... Bd7 $1 $19 {...Bc5 is the strong threat.} 17. Qe3 Qc7) 17. Qxe5 $17 Bg7 {Strongly threatening ...Nxg4!} 18. Nd5 Nxd5 ({And not} 18... Nxg4 19. Nc7+ Ke7 20. Nd5+ Ke8 21. Nc7+ Ke7 22. Nd5+ Ke8 23. Nc7+ Ke7 $11) 19. Qxg7 Rf8 20. Rg3 Qc5 21. O-O-O Qxf2 22. Rgd3 {[#] White wants to play c4.} Ke7 $1 (22... Qxh2 23. c4 $15) 23. Kb1 Qf6 ({Not} 23... Qxh2 24. Rf1 $17) 24. Qxh6 {[#]} g5 $1 25. Qh7 Qg6 26. Qxg6 fxg6 27. Rh3 Rf7 28. Rhd3 Bd7 29. c4 Nf6 30. h3 Bc6 31. Re3 Nd7 32. Kc2 e5 {[%cal Be6e5,Be5e4][%mdl 32]} 33. b4 Rf4 34. Kc3 Ke6 35. Rde1 Rf8 36. b3 e4 37. Kd4 Rd8 38. R1e2 Ne5+ 39. Kc5 Nd7+ 40. Kd4 Nf6+ 41. Kc5 $2 (41. Kc3) 41... Ke5 $19 {[%cal Rf6d7]} 42. Kb6 Rc8 43. Ka5 Nd7 {( -> ...b6+)} 44. b5 axb5 45. cxb5 Bd5 46. Kb4 Kd4 47. h4 gxh4 {White must now prevent ...Ra8.} 48. g5 b6 {Precision: White = 30%, Black = 81%.} 0-1

[Event "EICC 2017"]
[Site "Minsk"]
[Date "2017.06.10"]
[Round "11"]
[White "Baghdasaryan, Vahe"]
[Black "Gabuzyan, Hovhannes"]
[Result "1-0"]
[WhiteElo "2449"]
[BlackElo "2570"]
[Annotator "TA"]
[PlyCount "67"]
[EventDate "2017.??.??"]
[EventCountry "BLR"]
[SourceTitle "playchess.com"]
[Source "ChessBase"]
[SourceQuality "1"]

{[%evp 13,67,0,31,16,14,15,35,12,8,6,131,136,141,134,139,138,131,127,122,114,120,112,133,130,125,35,37,20,177,166,176,166,177,173,182,32,41,34,255,251,246,258,360,371,404,374,668,670,668,655,749,741,726,728,760,715]} 1. e4 c5 2. Nf3 d6 3. d4 cxd4 4. Nxd4 Nf6 5. Nc3 a6 6. Bg5 Nbd7 7. Bc4 g6 (7... e6 {seems wilder.} 8. O-O h6 9. Bh4 Qb6 10. Rb1 Be7) 8. a4 {B94: Sicilian Najdorf: 6 Bg5 Nbd7} (8. Qd2 Bg7 9. O-O-O O-O 10. Bh6 Bxh6 11. Qxh6 Ne5 12. Bb3 b5 13. f3 b4 14. Nd5 Nxd5 15. Bxd5 Ra7 {0-1 (36) Motylev,A (2649)-Matlakov,M (2689) Berlin 2015}) 8... Bg7 9. O-O Qb6 $146 ({Predecessor:} 9... O-O 10. Re1 Ne5 11. Bb3 Nc6 12. Nxc6 bxc6 {½-½ (61) Karasik,E (2246)-Alterman,B (2548) Israel 2007}) 10. Be3 {White is slightly better.} Qxb2 11. Na2 Ne5 (11... Nxe4 12. Rb1) (11... Qa3 $11 {remains equal.}) 12. Bb3 $1 $16 {[%mdl 1024] White has strong compensation.} Nfg4 13. Qd2 $1 {And now Rfb1 would win.} Nc6 14. Nc3 Na5 15. Nd5 Nxb3 16. Nxb3 Nxe3 ({Wrong is} 16... Qe5 $2 17. Bf4 $18) 17. fxe3 Be6 18. Nc7+ Kd7 19. Nxe6 (19. Nxa8 $16 Rxa8 20. Nc5+ Ke8 21. Nxe6 fxe6 22. Rab1) 19... fxe6 $14 20. Nc5+ $1 Kc6 $2 (20... Kc8 $11 21. Nxe6 Qc3) 21. Nxe6 $18 Qxa1 22. Rxa1 Bxa1 23. c3 Rac8 {next ...Kd7 is good for Black.} 24. Nd4+ ({White must play} 24. Nf4 $1 $18) 24... Kd7 $14 25. Ne2 $1 {Strongly threatening Qc1.} Rc7 $2 ({Black should try} 25... Rc5 $1 $14) 26. e5 $1 $18 {[%cal Be4e5,Be5e6][%mdl 32]} ({Inferior is} 26. Qc1 Bxc3 $1 {[%mdl 512]} 27. Nxc3 Rhc8 $15) 26... Rhc8 {[%cal Ra1c3] [#]} 27. e6+ $1 {[%mdl 512]} Kd8 {[%cal Ra1c3]} (27... Kxe6 28. Qa2+) 28. Qd4 {[%cal Rd4h8]} Rc4 29. Qg7 Re4 $2 (29... g5 30. Qf8+ Kc7 31. Qxe7+ Kb8 32. Qxh7 R4c7) 30. Qf8+ {White is clearly winning.} Kc7 31. Qxe7+ Kb8 32. Qxd6+ Ka7 33. Qd5 Rxa4 34. Qd7 {Precision: White = 61%, Black = 39%.} 1-0

[Event "EICC 2017"]
[Site "Minsk"]
[Date "2017.06.10"]
[Round "11"]
[White "Moroni, Luca Jr"]
[Black "Beliavsky, Alexander G"]
[Result "*"]
[WhiteElo "2448"]
[BlackElo "2589"]
[Annotator "TA"]
[PlyCount "25"]
[EventDate "2017.??.??"]
[EventCountry "BLR"]
[SourceTitle "playchess.com"]
[Source "ChessBase"]
[SourceQuality "1"]

{[%evp 9,17,41,35,29,34,31,28,24,25,31]} 1. c4 e6 2. Nc3 d5 3. d4 Bb4 4. Nf3 Ne7 5. e3 c5 6. Bd3 {D31: Queen's Gambit Declined: Semi-Slav without ...Nf6 (+ Marshall Gambit and Noteboom) and Exchange Variation lines without ...Nf6} dxc4 7. Bxc4 O-O 8. O-O cxd4 9. exd4 {Predecessor:} Nd7 $146 10. Bd3 b6 11. Bg5 h6 12. Bh4 Bxc3 13. bxc3 {½-½ (40) Epishin,V (2643)-Teske,H (2529) Mainz 2002} *

[Event "EICC 2017"]
[Site "Minsk"]
[Date "2017.06.10"]
[Round "11"]
[White "Moroni, Luca Jr"]
[Black "Beliavsky, Alexander G"]
[Result "1/2-1/2"]
[WhiteElo "2448"]
[BlackElo "2589"]
[Annotator "TA"]
[PlyCount "90"]
[EventDate "2017.??.??"]
[EventCountry "BLR"]
[SourceTitle "playchess.com"]
[Source "ChessBase"]
[SourceQuality "1"]

{[%evp 16,90,8,18,14,6,18,0,0,0,-3,-14,24,0,0,0,0,0,0,0,0,0,-6,-5,-3,0,22,0,0,0,0,0,0,0,0,0,0,-16,0,0,0,-10,0,0,12,0,0,0,0,0,39,15,16,0,8,8,13,-36,0,0,0,0,0,-27,0,0,0,0,0,0,0,0,0,0,0,0,0]} 1. c4 e6 2. Nc3 d5 3. d4 Bb4 4. Nf3 Ne7 5. e3 c5 6. Bd3 {D31: Queen's Gambit Declined: Semi-Slav without ...Nf6 (+ Marshall Gambit and Noteboom) and Exchange Variation lines without ...Nf6} dxc4 7. Bxc4 O-O (7... cxd4 8. exd4 Nbc6 9. O-O O-O 10. a3 Ba5 11. Qd3 a6 12. Rd1 Ng6 13. Bg5 {½-½ (31) Leko,P (2740)-Ponomariov,R (2717) Tromsoe 2014}) 8. O-O cxd4 9. exd4 {LiveBook: 4 Games} b6 $146 ({Predecessor:} 9... Nbc6 10. a3 Bd6 11. Re1 Ng6 12. Ba2 b6 13. d5 exd5 14. Qxd5 {1-0 (65) Erdogdu,M (2439)-Nomin Erdene,D (2434) Kecskemet 2015}) 10. Bd3 Ba6 11. Be4 Bxf1 12. Bxa8 Ba6 13. Be4 Nf5 14. Qc2 Nxd4 15. Nxd4 Qxd4 16. Be3 Qc4 17. Bxh7+ Kh8 {[#] aiming for ...Bxc3.} 18. Be4 Bxc3 19. bxc3 Rd8 20. Re1 Bb5 21. Bf3 (21. Bd4 {looks sharper.} Nc6 22. Bxc6 Bxc6 23. Qc1 e5 24. Bxe5 Qg4 25. Bg3) 21... Nc6 22. Be2 Qa4 23. Qxa4 Bxa4 24. f4 Ne7 25. c4 Nf5 26. Bf2 Nd4 27. Bf1 Nc6 28. a3 Rd2 29. c5 b5 30. Rb1 Ra2 31. g3 Rxa3 32. Bxb5 f6 33. Bc4 e5 34. Be6 Bc2 35. Re1 Bb3 36. f5 Bxe6 37. fxe6 $15 {[%mdl 4096] Endgame White wants to play Rd1. KRB-KRN} Rd3 38. Ra1 {[#] Threatens to win with Ra6.} Rd8 $1 39. e7 Nxe7 (39... Ra8 {keeps more tension.} 40. Ra6 Nxe7 41. Kg2 Kg8 42. Kf3 Kf7) 40. Rxa7 {The position is equal.} Nc6 41. Rc7 Nb4 42. Rb7 Nc6 43. Rc7 Nb4 44. Rb7 Nc6 45. Rc7 Nb4 {Precision: White = 58%, Black = 61%.} 1/2-1/2

[Event "EICC 2017"]
[Site "Minsk"]
[Date "2017.06.10"]
[Round "11"]
[White "Basso, Pier Luigi"]
[Black "Postny, Evgeny"]
[Result "1/2-1/2"]
[WhiteElo "2447"]
[BlackElo "2588"]
[Annotator "TA"]
[PlyCount "59"]
[EventDate "2017.??.??"]
[EventCountry "BLR"]
[SourceTitle "playchess.com"]
[Source "ChessBase"]
[SourceQuality "1"]

{[%evp 15,59,0,0,0,0,-22,0,0,0,0,0,-14,-15,-21,-29,-19,0,0,0,0,0,0,0,0,0,-4,-5,0,0,-6,0,0,0,0,0,0,0,0,0,0,0,0,0,0,0,0]} 1. d4 d5 2. c4 c6 3. cxd5 cxd5 4. Nc3 Nf6 5. Bf4 Nc6 6. e3 Bg4 7. Be2 {D10: Slav Defence: 3 cxd5 (without early Nf3) and 3 Nc3} (7. Qb3 Na5 8. Qa4+ Bd7 9. Qc2 e6 10. Bd3 Nc6 11. a3 Nh5 12. Be5 Nxe5 13. dxe5 g6 14. Nf3 Be7 {1-0 (44) Ponomariov,R (2709)-Motylev,A (2663) Tallinn 2016}) 7... Bxe2 8. Qxe2 e6 {LiveBook: 5 Games} 9. Rc1 $146 ({Predecessor:} 9. Nf3 Be7 10. h3 O-O 11. O-O Qa5 12. Rfc1 Rfc8 13. a3 Qd8 14. b4 a5 {0-1 (74) Popov,S (2447)-Sedlak,N (2537) Kragujevac 2016}) 9... Be7 10. h3 O-O 11. Nf3 Nd7 12. O-O a6 13. e4 dxe4 14. Nxe4 Nf6 15. Nc5 Nd5 {The position is equal.} 16. Bg3 Rc8 17. Nxb7 Qb6 $1 {[%csl LRb7,LRd4]} 18. Nd6 Bxd6 19. Bxd6 {[#] Hoping for Bc5.} Nxd4 20. Nxd4 Qxd6 21. Nf3 a5 (21... Nf4 $5 {[%cal Rf4e2]} 22. Qe4 h6 $11) 22. Qd2 Qb4 23. Rxc8 Rxc8 24. Rc1 Rb8 (24... Ra8 {is more complex.} 25. Qc2 h6 26. a3 Qb5 27. Qd2 Rb8) 25. b3 h6 26. Rc4 Qxd2 27. Nxd2 Rd8 28. Rd4 Rc8 29. Rc4 Rd8 30. Rd4 {Precision: White = 91%, Black = 69%.} 1/2-1/2

[Event "EICC 2017"]
[Site "Minsk"]
[Date "2017.06.10"]
[Round "11"]
[White "Zawadzka, Jolanta"]
[Black "Pavlidis, Antonios"]
[Result "0-1"]
[WhiteElo "2419"]
[BlackElo "2540"]
[Annotator "TA"]
[PlyCount "210"]
[EventDate "2017.??.??"]
[EventCountry "BLR"]
[SourceTitle "playchess.com"]
[Source "ChessBase"]
[SourceQuality "1"]

{[%evp 24,210,0,-8,0,-1,-6,-1,-8,-6,-6,-6,-4,0,0,0,-3,-7,-6,-8,0,0,0,0,0,0,0,0,0,0,0,-10,-8,-8,-8,-18,-17,-93,-44,-54,-44,-99,-102,-99,-111,-116,-100,-137,-136,-152,-172,-355,-333,-338,-318,-334,-328,-546,-546,-537,-520,-511,-511,-410,-152,-149,-135,-287,-282,-376,-364,-354,-329,-408,-396,-992,-978,-1158,-152,-304,0,-621,0,-285,-275,-259,-187,-204,-190,-183,-196,-187,-187,-161,0,0,0,-175,-174,-202,-187,-175,-69,-75,-50,-360,-353,-345,-253,-529,-485,-466,-345,-411,-340,-316,-310,-273,-187,-422,-408,-370,-143,-146,0,0,0,0,0,0,0,0,0,0,0,0,0,0,0,0,0,0,0,0,0,-466,0,-8,0,-12,-16,-16,-12,-16,0,0,0,-26,-8,-75,-75,-266,-73,-71,0,-2476,-462,-4935,-5422,-4935,-3334,-5089,-2567,-29978,-29980,-29981,-29982,-29980,-29972,-29982,-29983,-29983,-29984,-29985,-29986,-29986,-29987,-29989,-29990]} 1. e4 c5 2. Nf3 Nc6 3. d4 cxd4 4. Nxd4 Qc7 5. Nc3 e6 6. f4 a6 7. Nxc6 bxc6 8. Bd3 d5 9. O-O Nf6 10. e5 Nd7 {B46: Sicilian: Taimanov: 5 Nc3 a6} 11. Na4 Nb6 12. Nxb6 Qxb6+ 13. Kh1 {LiveBook: 4 Games} Be7 14. c4 O-O $146 ({Predecessor:} 14... g6 15. Qf3 Bb7 16. Qh3 c5 17. Be3 O-O 18. Bf2 {0-1 (31) Ottens,S (2260)-Farago,I (2486) Senden 2000}) 15. Qe2 a5 16. cxd5 cxd5 17. Be3 d4 18. Bf2 Bb7 19. Rfd1 {Threatening Bxd4!} Rfd8 20. Rac1 g6 21. h3 Rab8 22. b3 Rbc8 23. Be4 Ba6 24. Bd3 Bb7 25. Be4 Rxc1 26. Rxc1 Ba3 (26... a4 $5) 27. Rd1 Bxe4 28. Qxe4 {[%cal Rd1d4]} Bb2 29. Qe2 Bc3 30. Qg4 (30. Bh4 $11) 30... Qc6 31. Qe2 a4 32. Bh4 (32. Rd3 $15) 32... Rb8 $17 33. Qc2 axb3 34. axb3 Qd5 35. Rb1 Ra8 36. Be7 Ra7 37. Bd6 $2 (37. Bg5) 37... Qa8 $19 38. Qd3 Ra2 {[%csl Ga2][%cal Ra8g2]} 39. Rg1 {[#]} Be1 $1 {[%mdl 512]} 40. f5 $2 (40. Qd1 Bf2 41. Rf1) (40. Rxe1 Qxg2#) 40... Bf2 $1 {[%cal Rf2g1]} 41. fxg6 hxg6 42. Rf1 Be3 {[%csl Ga2][%cal Ra8g2]} 43. Rf3 {[#]} Qa6 $2 (43... Bf4 $1 $19 {[%mdl 512]} 44. Bb4 (44. Rxf4 Qxg2#) 44... Ra1+ 45. Rf1 Qe4 $1 {[%mdl 512]}) 44. Qxa6 $17 Rxa6 {[%mdl 4096] Endgame KRB-KRB} 45. g4 $2 (45. Kh2 $17) 45... f5 $19 46. gxf5 gxf5 47. Rf1 Ra2 48. Rd1 f4 49. Bc5 $2 {[#]} (49. b4 f3 50. Bc5) 49... d3 $1 {[%mdl 512]} 50. b4 (50. Rxd3 Bxc5) 50... Bd2 $2 (50... Rd2 $19 {and Black stays clearly on top.} 51. Rxd2 Bxd2) 51. Kg1 $2 (51. Bd4 $17 {only move.}) 51... Be3+ $2 (51... Kh7 52. Kf1 Rb2) 52. Kh1 $1 Bd2 (52... Rd2 $142 53. Rxd2 Bxd2) 53. Kg1 $1 {If White can now play Kf1 this consolidates a bit.} Kf7 54. Kf1 Rb2 55. Bf2 Kg6 {...Kf5 is the strong threat.} 56. b5 Kf5 57. Bd4 Rb4 58. Bf2 Rb2 $2 (58... Kxe5 59. Rxd2 Ke4 60. b6 $11) (58... Bc3 $19 {aiming for ...d2.} 59. Rxd3 Bxe5) 59. Bd4 $11 Rb4 $2 (59... Rc2 $11 60. b6 Ba5) 60. Bf2 $1 $19 Bc3 ({Inferior is} 60... Kxe5 61. Rxd2 Ke4 62. b6 $11) 61. Rxd3 Bxe5 62. b6 Ke4 (62... Rb1+ $19 63. Kg2 Rb2) 63. Rd1 $1 $15 Bf6 64. Re1+ $2 {[%mdl 8192] [#]} ({White should try} 64. Rd6 $15) 64... Kf5 $1 $19 65. Rc1 e5 66. Bc5 $2 (66. Rc7 {is a better defense.} e4 67. Bc5 Rb1+ 68. Ke2) 66... Rb5 67. Bf2 Rb3 68. Rc5 Be7 69. Rc7 Bd6 70. Rc6 Ba3 71. Be1 $2 (71. h4 {keeps fighting.}) 71... Rb1 72. Ke2 Rb2+ $2 (72... e4 $19 73. Kd2 Ke5) 73. Kd3 $17 f3 (73... e4+ $17 74. Kc4 Be7) 74. Bh4 $1 $11 {[%csl Gh4][%cal Rc6f6]} e4+ 75. Kd4 {[%csl Gh4][%cal Rc6f6]} Rb4+ 76. Kd5 {[%csl Gh4][%cal Rc6f6]} Rb5+ 77. Kc4 Rb1 78. Kd5 {[%csl Gh4][%cal Rc6f6]} Rd1+ 79. Kc4 Rb1 {next ...Bb2 is good for Black.} 80. Kd5 {[%csl Gh4][%cal Rc6f6]} Bb2 81. Rc7 Bf6 82. Bf2 Rd1+ 83. Kc4 Be5 84. Rc5 $2 {[%mdl 8192]} (84. Re7 $11 {and White has nothing to worry.}) 84... Ke6 $2 ({Better is} 84... Kf4 $19 {Strongly threatening ...Rc1+.} 85. Rb5 Rf1) 85. b7 $132 {[%mdl 2048] White threatens Rxe5+! and mate. White is fighting back} Rb1 86. Rb5 Rc1+ $1 87. Kb3 {Hoping for Rxe5+!} Bb8 88. Bd4 Rd1 89. Kc4 Rc1+ 90. Kb3 Kd7 {White must now prevent ...Kc6.} 91. Rd5+ (91. Rf5 $11 {remains equal.}) 91... Kc6 $17 92. Rd8 $2 (92. Rf5 $17) 92... Bc7 $2 ({Don't take} 92... Kxb7 93. Re8 $19) (92... Rb1+ $19 {is more deadly.} 93. Kc4 Rc1+ 94. Kb3 Rb1+ 95. Kc3 Bc7) 93. Re8 Kd5 (93... e3 $17 94. b8=N+ Bxb8 95. Bxe3 Re1 96. Rc8+ Kd5) 94. Kb2 $2 {[%mdl 8192]} (94. Rd8+ $11 Kc6 95. Re8) 94... Rc4 (94... Kxd4 $142 95. Kxc1 f2 96. Rd8+ Bxd8) 95. Rc8 (95. Be3 $142 Rb4+ 96. Kc2) 95... Rb4+ $19 96. Kc3 Rxb7 97. Ra8 Rb5 98. Be3 Ra5 {Black mates.} 99. Rxa5+ Bxa5+ {KB-KB} 100. Kc2 Ke5 101. h4 Be1 102. Kd1 Bxh4 103. Bb6 Kf5 104. Kd2 Bg5+ 105. Ke1 e3 {Precision: White = 44%, Black = 50%.} 0-1